000 00571nam a2200181Ia 4500
008 240729s9999 xx 000 0 und d
022 _a2753-8125
245 0 _aRSC Sustainability
260 _aUnited Kingdom
260 _bThe Royal Society of Chemistry
650 _a Economic growth, development, planning | Geography. Anthropology. Recreation
650 _a Environmental sciences
650 _a Industries. Land use. Labor
650 _aSocial Sciences
856 _uhttps://doaj.org/toc/0cdf91faa5cb448692189f65ca95229b
942 _2ddc
942 _cDOAJEJ
999 _c69445
_d69445
945 _a1
_bMadushi Gamage
_c1
_dMadushi Gamage